Southville International School and Colleges
Your cart is empty.
  • Cart
  • Lists
    Public lists Eva Luna New books Lux_list list_1
    Your lists Log in to create your own lists
  • Log in to your account
  • Your cookies
  • Search history
Southville International School and Colleges
  • Advanced search
  • Recent comments
  • Most popular
  • Libraries

Log in to your account

Log in with GOOGLE


If you do not have an external account, but do have a local account, you can still log in:

  1. Home
  2. MARC view: Parallel learning structures :
Normal view MARC view ISBD view

Parallel learning structures : (Record no. 284007)

[ view plain ]
MARC details
000 -LEADER
fixed length control field 00807cam a2200241 a 4500
003 - CONTROL NUMBER IDENTIFIER
control field PILC
005 - DATE AND TIME OF LATEST TRANSACTION
control field 20150518104141.0
008 - FIXED-LENGTH DATA ELEMENTS--GENERAL INFORMATION
fixed length control field 900306s1991 mau b 001 0 eng
010 ## - LIBRARY OF CONGRESS CONTROL NUMBER
LC control number 90000380
020 ## - INTERNATIONAL STANDARD BOOK NUMBER
International Standard Book Number 9710851314
050 00 - LIBRARY OF CONGRESS CALL NUMBER
Classification number HD 58.8
Item number .B978 1992
100 1# - MAIN ENTRY--PERSONAL NAME
Personal name Bushe, Gervase R.
245 10 - TITLE STATEMENT
Title Parallel learning structures :
Remainder of title increasing innovation in bureaucracies /
Statement of responsibility, etc Gervase R. Bushe, A. B. (Rami) Shani.
260 ## - PUBLICATION, DISTRIBUTION, ETC. (IMPRINT)
Name of publisher, distributor, etc Addison-Wesley Publishing Company,
Date of publication, distribution, etc 1992.
300 ## - PHYSICAL DESCRIPTION
Extent xx, 184 pages ;
Dimensions 21 cm.
440 #0 - SERIES STATEMENT/ADDED ENTRY--TITLE
Title Addison-Wesley OD series.
440 #0 - SERIES STATEMENT/ADDED ENTRY--TITLE
Title Addison-Wesley series on organization development.
500 ## - GENERAL NOTE
General note Includes bibliographical references and index.
650 #0 - SUBJECT ADDED ENTRY--TOPICAL TERM
Topical term or geographic name as entry element Organizational change.
650 #0 - SUBJECT ADDED ENTRY--TOPICAL TERM
Topical term or geographic name as entry element Bureaucracy.
700 1# - ADDED ENTRY--PERSONAL NAME
Personal name Shani, Abraham B.
942 ## - ADDED ENTRY ELEMENTS (KOHA)
Source of classification or shelving scheme Library of Congress Classification
Koha item type Books
Call number prefix Foreign
Holdings
Withdrawn status Lost status Source of classification or shelving scheme Damaged status Home library Current library Shelving location Date acquired Source of acquisition Sub Shelving location Total Checkouts Full call number Barcode Date last seen Price effective from Koha item type
    Library of Congress Classification   College Library College Library General Circulation Section 05/18/2015 Library Fund     HD 58.8 .B978 1992 C19310 05/15/2018 05/18/2015 Books

Parallel learning structures :

APA

Bushe G. R., Shani A. B., . (1992). Parallel learning structures. : Addison-Wesley Publishing Company.

Chicago

Bushe Gervase R, Shani Abraham B, . 1992. Parallel learning structures. : Addison-Wesley Publishing Company.

Harvard

Bushe G. R., Shani A. B., . (1992). Parallel learning structures. : Addison-Wesley Publishing Company.

MLA

Bushe Gervase R, Shani Abraham B, . Parallel learning structures. : Addison-Wesley Publishing Company. 1992.

  • Place hold
  • Print
  • Cite
  • Add to your cart (remove)
  • Save record
    BIBTEX Dublin Core MARCXML MARC (non-Unicode/MARC-8) MARC (Unicode/UTF-8) MARC (Unicode/UTF-8, Standard) MODS (XML) RIS
  • More searches
    Search for this title in:
    Other Libraries (WorldCat) Other Databases (Google Scholar) Online Stores (Bookfinder.com) Open Library (openlibrary.org)

Exporting to Dublin Core...

SOUTHVILLE LIBRARY

Southville International School and Colleges Library

1281 Tropical Ave. Cor. Luxembourg St., BF Homes International, Las Pinas City

Tel. No. 8256374 / 252358 Loc. 117/146

Powered by Koha